000 00200 a2200097 4500
001 43903
100 _aNaumani S
245 _aImam Azam
260 _aLahore
_bSinge-I-Meal
_c
090 _c27644
_d27644
942 _aNUST-CAE
_cM
_c19607
999 _c278976
_d278976